000 00194 a2200097 4500
020 _a9789707709911
041 _aspa
100 _aCarlos Fuentes
245 _aCuentos Sobrenaturales
942 _cBK
999 _c14332
_d14332